|
|
|
|
| LEADER |
01693nam a2200445 a 4500 |
| 001 |
EBC514442 |
| 003 |
MiAaPQ |
| 005 |
20191030193359.0 |
| 006 |
m o d | |
| 007 |
cr cn||||||||| |
| 008 |
090330s2009 enka s 001 0 eng |
| 010 |
|
|
|z 2009013327
|
| 020 |
|
|
|z 9780470758984 (cloth : alk. paper)
|
| 020 |
|
|
|z 9780470758984
|
| 020 |
|
|
|z 0470758988 (cloth : alk. paper)
|
| 020 |
|
|
|a 9780470746882 (electronic bk.)
|
| 035 |
|
|
|a (MiAaPQ)EBC514442
|
| 035 |
|
|
|a (Au-PeEL)EBL514442
|
| 035 |
|
|
|a (CaPaEBR)ebr10381073
|
| 035 |
|
|
|a (CaONFJC)MIL254961
|
| 035 |
|
|
|a (OCoLC)609862959
|
| 040 |
|
|
|a MiAaPQ
|c MiAaPQ
|d MiAaPQ
|
| 050 |
|
4 |
|a HG4523
|b .C485 2009
|
| 082 |
0 |
4 |
|a 332/.041
|2 22
|
| 100 |
1 |
|
|a Chisholm, Andrew,
|d 1959-
|
| 245 |
1 |
3 |
|a An introduction to international capital markets
|h [electronic resource] :
|b products, strategies, participants /
|c Andrew M. Chisholm.
|
| 250 |
|
|
|a 2nd ed.
|
| 260 |
|
|
|a Chichester, U.K. :
|b John Wiley & Sons,
|c 2009.
|
| 300 |
|
|
|a xiv, 428 p. :
|b ill.
|
| 490 |
1 |
|
|a Wiley finance series
|
| 500 |
|
|
|a Rev. ed. of: An introduction to capital markets : products, strategies, participants. 2002.
|
| 500 |
|
|
|a Includes index.
|
| 533 |
|
|
|a Electronic reproduction. Ann Arbor, MI : ProQuest, 2016. Available via World Wide Web. Access may be limited to ProQuest affiliated libraries.
|
| 650 |
|
0 |
|a Capital market.
|
| 650 |
|
0 |
|a International finance.
|
| 655 |
|
4 |
|a Electronic books.
|
| 700 |
1 |
|
|a Chisholm, Andrew,
|d 1959-
|t Introduction to capital markets.
|
| 710 |
2 |
|
|a ProQuest (Firm)
|
| 830 |
|
0 |
|a Wiley finance series.
|
| 856 |
4 |
0 |
|u https://ebookcentral.proquest.com/lib/matrademy/detail.action?docID=514442
|z Click to View
|